=LDR 00000nam 2200000 4500 =001 INLIS000000000042604 =005 20131008015413 =008 ***********************************Ind** =035 ##$$0010-101300000000526 =041 ##$$a Ind =082 ##$$a 352.1 =090 ##$$a 352, Sis s =245 ##$$a Sistem dan prosedur pengelolaan keuangan daerah =260 ##$$a 2011 $b Bandung =650 ##$$a Keuangan Daerah =850 ##$$a NBPNMAT